| 000 | 01066nam0a22002771 4500 | ||
|---|---|---|---|
| 001 | rc\46901 | ||
| 005 | 20260406120818.0 | ||
| 010 |
_a5-230-11491-6 _9200 |
||
| 035 | _a(NLR Aleph) 005326974 | ||
| 090 |
_a6549830 _c6549830 |
||
| 100 | _a20021216d1995 |||y0rusy50 ca | ||
| 101 | 0 | _arus | |
| 102 | _aRU | ||
| 105 | _ay ||||||||| | ||
| 200 | 1 |
_aДиверсификация угольных предприятий Российского Донбасса _f[В.Е. Борзяк, И.С. Гарбер, Л.Э. Жигунов и др.] _gНовочерк. гос. техн. ун-т |
|
| 210 |
_aНовочеркасск _cНГТУ _d1995 |
||
| 215 |
_a81, [1] с. _d20 |
||
| 300 | _aАвт. указаны на обороте тит. л. | ||
| 320 | _aБиблиогр.: с. 80-81 (15 назв.) | ||
| 701 | 1 |
_aБорзяк _bВ.Е. |
|
| 712 | 0 | 2 |
_aНовочеркасский технический университет _3RU\NLR\AUTH\8813277 _9299570 |
| 801 | 0 |
_aRU _bNLR _gpsbo |
|
| 801 | 1 |
_aRU _bELAR _2rusmarc |
|
| 852 |
_aNLR _j95-4/11816 |
||
| 942 | _cBOOK | ||
| 980 | _aNB | ||